|
|
|
|
| LEADER |
00000nam0a2200000 4500 |
| 001 |
248578 |
| 005 |
20231101232412.0 |
| 010 |
|
|
|a 5030007008
|
| 035 |
|
|
|a (RuTPU)RU\TPU\book\270409
|
| 090 |
|
|
|a 248578
|
| 100 |
|
|
|a 20140123d1988 k y0rusy50 ca
|
| 101 |
1 |
|
|a rus
|c eng
|
| 102 |
|
|
|a RU
|
| 105 |
|
|
|a a z 001zy
|
| 200 |
1 |
|
|a Физическая океанография прибрежных вод
|e пер. с англ.
|f К. Боуден
|
| 210 |
|
|
|a Москва
|c Мир
|d 1988
|
| 215 |
|
|
|a 324 с.
|c ил.
|
| 320 |
|
|
|a Библиогр.: с. 312-318.
|
| 320 |
|
|
|a Предметный указатель: с. 319-322.
|
| 606 |
1 |
|
|a Шельфы
|x Рельеф
|2 stltpush
|3 (RuTPU)RU\TPU\subj\19146
|9 44448
|
| 610 |
1 |
|
|a прибрежные воды
|
| 610 |
1 |
|
|a океанография
|
| 610 |
1 |
|
|a приливы
|
| 610 |
1 |
|
|a приливные течения
|
| 610 |
1 |
|
|a поверхностные воды
|
| 610 |
1 |
|
|a ветровые течения
|
| 610 |
1 |
|
|a перемещение
|
| 675 |
|
|
|a 551.462.3
|v 3
|
| 700 |
|
1 |
|a Боуден
|b К.
|
| 801 |
|
1 |
|a RU
|b 63413507
|c 20140123
|
| 801 |
|
2 |
|a RU
|b 63413507
|c 20140428
|g RCR
|
| 942 |
|
|
|c BK
|